书目信息 |
| 题名: |
王弼思想与诠释文本
|
|
| 作者: | 田永胜 著 | |
| 分册: | ||
| 出版信息: | 北京 光明日报出版社 2003 |
|
| 页数: | 283页 | |
| 开本: | 20cm | |
| 丛书名: | 光明学术文库 | |
| 单 册: | ||
| 中图分类: | B235.2 | |
| 科图分类: | ||
| 主题词: | 王弼--(226~249)--哲学思想--研究 | |
| 电子资源: | ||
| ISBN: | 7-80145-804-4 | |
| 000 | 01137nam0 2200325 450 | |
| 000 | 01100nam0 2200313 450 | |
| 000 | 01071nam0 2200313 450 | |
| 000 | 01017nam0 2200289 450 | |
| 000 | 01024nam0 2200277 450 | |
| 000 | 00987nam0 2200265 45 | |
| 001 | TS2006009673 | |
| 005 | 20061210150156.73 | |
| 010 | @a7-80145-804-4@dCNY28.00 | |
| 100 | @a20060829d2003 em y0chiy0110 ea | |
| 101 | 0 | @achi |
| 102 | @aCN@b110000 | |
| 105 | @ay z 000cy | |
| 200 | 1 | @a王弼思想与诠释文本@AWang Bi Si Xiang Yu Quan Shi Wen Ben@f田永胜著@FTian Yong Sheng Zhu |
| 210 | @a北京@c光明日报出版社@d2003 | |
| 215 | @a283页@d20cm | |
| 225 | 2 | @a光明学术文库 |
| 330 | @a本书共有七章,用诠释学的视角和方法对王弼的主要著作《老子注》、《周易注》、《论语释疑》等作了较全面而认真的梳理分析。 | |
| 410 | 0 | @12001 @a光明学术文库 |
| 606 | 0 | @a王弼@f(226~249)@x哲学思想@x研究 |
| 690 | @aB235.2@v4 | |
| 701 | 0 | @a田永胜@ATian Yong Sheng@f(1969~)@4著 |
| 801 | 0 | @aCN@b中图数据@c20061210 |
| 905 | @a10447@dB235.2@e5 | |
| 王弼思想与诠释文本/田永胜著.-北京:光明日报出版社,2003 |
| 283页;20cm.-(光明学术文库) |
| ISBN 7-80145-804-4:CNY28.00 |
| 本书共有七章,用诠释学的视角和方法对王弼的主要著作《老子注》、《周易注》、《论语释疑》等作了较全面而认真的梳理分析。 |
| ● |
| 相关链接 |
|
|
|
|
正题名:王弼思想与诠释文本
索取号:B235.2/5
 
预约/预借
| 序号 | 登录号 | 条形码 | 馆藏地/架位号 | 状态 | 备注 |
| 1 | 0607204 | 206072042 | 第一样本阅览室/ [索取号:B235.2/5] | 在馆 | |
| 2 | 0607206 | 206072060 | 第一借阅区/ [索取号:B235.2/5] | 在馆 | |
| 3 | 0607207 | 206072079 | 第一借阅区/ [索取号:B235.2/5] | 在馆 |